[Event "AUT-chT 0506"]
[Site "Austria"]
[Date "2006.03.26"]
[Round "11"]
[White "Moser, Eva"]
[Black "Kosten, Anthony C"]
[Result "0-1"]
[WhiteElo "2361"]
[BlackElo "2507"]
[PlyCount "46"]
[EventDate "2005.11.18"]
[EventType "team-tourn"]
[EventRounds "11"]
[EventCountry "AUT"]
[SourceTitle "EXT 2007"]
[Source "ChessBase"]
[SourceDate "2006.11.23"]
[SourceVersion "1"]
[SourceVersionDate "2006.11.23"]
[SourceQuality "1"]
[WhiteTeam "Graz Styria"]
[BlackTeam "Holz Dohr"]
[WhiteTeamCountry "AUT"]
[BlackTeamCountry "AUT"]

1. d4 Nf6 2. c4 e6 3. Nc3 Bb4 4. Qc2 Nc6 5. Nf3 d6 6. e4 e5 7. d5 Bxc3+ 8. Qxc3
Ne7 9. Nd2 O-O 10. g3 Ne8 11. Bg2 f5 12. exf5 Bxf5 13. O-O Nf6 14. f4 exf4 15.
Rxf4 Qd7 16. Rf1 Bh3 17. Nf3 Bxg2 18. Kxg2 Ne4 19. Qe1 Qg4 20. Nd2 Rxf1 21.
Nxf1 Rf8 22. Kg1 Rf2 23. Be3 Re2 0-1

[Event "AUT-chT 0506"]
[Site "Austria"]
[Date "2006.03.25"]
[Round "10"]
[White "Volkmann, Friedrich Karl"]
[Black "Moser, Eva"]
[Result "0-1"]
[WhiteElo "2421"]
[BlackElo "2361"]
[PlyCount "90"]
[EventDate "2005.11.18"]
[EventType "team-tourn"]
[EventRounds "11"]
[EventCountry "AUT"]
[SourceTitle "EXT 2007"]
[Source "ChessBase"]
[SourceDate "2006.11.23"]
[SourceVersion "1"]
[SourceVersionDate "2006.11.23"]
[SourceQuality "1"]
[WhiteTeam "Wulkaprodersdorf"]
[BlackTeam "Graz Styria"]
[WhiteTeamCountry "AUT"]
[BlackTeamCountry "AUT"]

1. e4 c5 2. Nf3 Nc6 3. d4 cxd4 4. Nxd4 e5 5. Nb5 d6 6. Bc4 a6 7. N5c3 Nf6 8.
Bg5 Be7 9. Bxf6 Bxf6 10. Nd5 O-O 11. O-O Bg5 12. Nbc3 Kh8 13. Kh1 b5 14. Bb3
Rb8 15. Qd3 Na5 16. Nb4 Qb6 17. Ncd5 Qc5 18. c3 Nc4 19. Qg3 Bh6 20. Nd3 Qa7 21.
f4 exf4 22. N3xf4 Nd2 23. Rfe1 f5 24. exf5 Bxf5 25. Ne6 Ne4 26. Rxe4 Bxe4 27.
Nxf8 Rxf8 28. h3 Qc5 29. Nb4 Qf5 30. Qg4 Qf1+ 31. Rxf1 Rxf1+ 32. Kh2 Bf4+ 33.
Qxf4 Rxf4 34. Kg3 g5 35. Nd5 Bxd5 36. Bxd5 h5 37. b4 h4+ 38. Kh2 Rf2 39. c4
bxc4 40. Bxc4 Rf4 41. Bxa6 Rxb4 42. Bc8 d5 43. Be6 d4 44. Kg1 d3 45. Kf2 d2 0-1

[Event "AUT-chT 0506"]
[Site "Austria"]
[Date "2006.03.24"]
[Round "9"]
[White "Moser, Eva"]
[Black "Klinger, Josef"]
[Result "1/2-1/2"]
[WhiteElo "2361"]
[BlackElo "2440"]
[PlyCount "33"]
[EventDate "2005.11.18"]
[EventType "team-tourn"]
[EventRounds "11"]
[EventCountry "AUT"]
[SourceTitle "EXT 2007"]
[Source "ChessBase"]
[SourceDate "2006.11.23"]
[SourceVersion "1"]
[SourceVersionDate "2006.11.23"]
[SourceQuality "1"]
[WhiteTeam "Graz Styria"]
[BlackTeam "Schwarzach"]
[WhiteTeamCountry "AUT"]
[BlackTeamCountry "AUT"]

1. e4 e5 2. Nf3 Nc6 3. c3 Nf6 4. d4 Nxe4 5. d5 Nb8 6. Bd3 Nc5 7. Nxe5 Nxd3+ 8.
Nxd3 Be7 9. O-O O-O 10. Re1 d6 11. Qf3 Bf6 12. c4 Qd7 13. h3 Qf5 14. Bf4 Na6
15. Nd2 b6 16. Ne4 Nc5 17. Ndxc5 1/2-1/2

[Event "AUT-chT 0506"]
[Site "Austria"]
[Date "2006.03.23"]
[Round "8"]
[White "Bezold, Michael"]
[Black "Moser, Eva"]
[Result "1-0"]
[WhiteElo "2534"]
[BlackElo "2361"]
[PlyCount "69"]
[EventDate "2005.11.18"]
[EventType "team-tourn"]
[EventRounds "11"]
[EventCountry "AUT"]
[SourceTitle "EXT 2007"]
[Source "ChessBase"]
[SourceDate "2006.11.23"]
[SourceVersion "1"]
[SourceVersionDate "2006.11.23"]
[SourceQuality "1"]
[WhiteTeam "Hohenems"]
[BlackTeam "Graz Styria"]
[WhiteTeamCountry "AUT"]
[BlackTeamCountry "AUT"]

1. b3 e5 2. Bb2 Nc6 3. c4 g6 4. g3 Bg7 5. Bg2 d6 6. Nc3 f5 7. e3 Nf6 8. Nge2
O-O 9. d3 Ne7 10. Qd2 c6 11. f4 exf4 12. gxf4 Be6 13. O-O Qd7 14. Nd4 Bf7 15.
Nf3 h6 16. Rae1 Rae8 17. Ne2 Nh5 18. Bxg7 Nxg7 19. Ng3 Kh7 20. Qc3 c5 21. d4
Nc6 22. d5 Ne7 23. Nd2 Ng8 24. e4 fxe4 25. Bxe4 Nf5 26. Nf3 Nxg3 27. hxg3 Qd8
28. Kg2 Qf6 29. Qd2 Re7 30. g4 Be8 31. Kg3 Ref7 32. f5 g5 33. Bd3 Bd7 34. Re6
Bxe6 35. fxe6+ 1-0

[Event "AUT-chT 0506"]
[Site "Austria"]
[Date "2006.01.15"]
[Round "7"]
[White "Moser, Eva"]
[Black "Hoelzl, Franz"]
[Result "1-0"]
[WhiteElo "2361"]
[BlackElo "2364"]
[PlyCount "143"]
[EventDate "2005.11.18"]
[EventType "team-tourn"]
[EventRounds "11"]
[EventCountry "AUT"]
[SourceTitle "EXT 2007"]
[Source "ChessBase"]
[SourceDate "2006.11.23"]
[SourceVersion "1"]
[SourceVersionDate "2006.11.23"]
[SourceQuality "1"]
[WhiteTeam "Graz Styria"]
[BlackTeam "Maria Saal"]
[WhiteTeamCountry "AUT"]
[BlackTeamCountry "AUT"]

1. e4 c5 2. Nf3 Nc6 3. c3 e6 4. d4 d5 5. exd5 exd5 6. Bb5 Bd6 7. dxc5 Bxc5 8.
O-O Nge7 9. Nbd2 O-O 10. Nb3 Bb6 11. Re1 Qd6 12. Be3 Bg4 13. Bxb6 axb6 14. Be2
Ng6 15. Nfd4 Be6 16. g3 Rfe8 17. Bf1 Re7 18. Bg2 Qd7 19. Qc2 Bh3 20. Rxe7 Ngxe7
21. a3 h5 22. Re1 Bxg2 23. Kxg2 h4 24. Qd3 g6 25. Nd2 h3+ 26. Kg1 Re8 27. Qe3
Nxd4 28. cxd4 Qf5 29. f3 Qc2 30. Re2 Qc1+ 31. Nf1 Qxe3+ 32. Rxe3 Kf8 33. Kf2
Ra8 34. Rb3 Nf5 35. Ne3 Nxd4 36. Rxb6 Rc8 37. Rd6 Ne6 38. Rxd5 f5 39. Rd2 b5
40. Rd6 Kf7 41. Rd5 Rb8 42. f4 b4 43. a4 b3 44. a5 Rb4 45. a6 Ra4 46. Rb5 Rxa6
47. Rb7+ Kf8 48. Rxb3 Nc5 49. Rb8+ Kg7 50. g4 Ra4 51. Kf3 Ne6 52. Rb7+ Kf8 53.
gxf5 gxf5 54. Kg3 Rxf4 55. Rb6 Re4 56. Nxf5 Re2 57. Kxh3 Nf4+ 58. Kg3 Nd3 59.
b3 Rb2 60. h4 Nc5 61. b4 Rb3+ 62. Kg4 Nd3 63. b5 Kf7 64. h5 Rb4+ 65. Kg5 Nc5
66. Rf6+ Ke8 67. Kg6 Rg4+ 68. Kh7 Rg5 69. Kh6 Rg8 70. b6 Rh8+ 71. Kg6 Rg8+ 72.
Ng7+ 1-0

[Event "AUT-chT 0506"]
[Site "Austria"]
[Date "2006.01.14"]
[Round "6"]
[White "Baumegger, Siegfried"]
[Black "Moser, Eva"]
[Result "1/2-1/2"]
[WhiteElo "2413"]
[BlackElo "2361"]
[PlyCount "104"]
[EventDate "2005.11.18"]
[EventType "team-tourn"]
[EventRounds "11"]
[EventCountry "AUT"]
[SourceTitle "EXT 2007"]
[Source "ChessBase"]
[SourceDate "2006.11.23"]
[SourceVersion "1"]
[SourceVersionDate "2006.11.23"]
[SourceQuality "1"]
[WhiteTeam "Fuerstenfeld"]
[BlackTeam "Graz Styria"]
[WhiteTeamCountry "AUT"]
[BlackTeamCountry "AUT"]

1. e4 e5 2. Nf3 d6 3. d4 exd4 4. Nxd4 Nf6 5. Nc3 Be7 6. g3 d5 7. exd5 Nxd5 8.
Ndb5 Nxc3 9. Qxd8+ Bxd8 10. Nxc3 O-O 11. Bg2 Re8+ 12. Be3 Bg5 13. Nd5 Na6 14.
O-O-O Bxe3+ 15. Nxe3 c6 16. Nc4 Be6 17. Nd6 Re7 18. Nxb7 Rxb7 19. Bxc6 Nc5 20.
Bxb7 Nxb7 21. b3 Kf8 22. Kb2 Ke7 23. Rhe1 Nc5 24. c4 Rc8 25. Kc3 Nd7 26. Rd4
Kd8 27. Re5 Rc6 28. Ra5 a6 29. Re5 Kc7 30. Re2 h5 31. f3 Nf6 32. Red2 Nd7 33.
Re2 Nf6 34. Kb2 Rc5 35. b4 Rc6 36. c5 a5 37. a3 axb4 38. axb4 Ra6 39. Red2 Nd7
40. Rd6 Ra4 41. Rxe6 fxe6 42. Kb3 Ra1 43. Re2 e5 44. f4 exf4 45. gxf4 Rf1 46.
Rg2 Rxf4 47. Rxg7 Kc6 48. b5+ Kxb5 49. Rxd7 Rf2 50. Kc3 Rxh2 51. Kd3 Kxc5 52.
Ke3 h4 1/2-1/2

[Event "AUT-chT 0506"]
[Site "Austria"]
[Date "2006.01.13"]
[Round "5"]
[White "Moser, Eva"]
[Black "Lenz, Alarich"]
[Result "0-1"]
[WhiteElo "2361"]
[BlackElo "2194"]
[PlyCount "92"]
[EventDate "2005.11.18"]
[EventType "team-tourn"]
[EventRounds "11"]
[EventCountry "AUT"]
[SourceTitle "EXT 2007"]
[Source "ChessBase"]
[SourceDate "2006.11.23"]
[SourceVersion "1"]
[SourceVersionDate "2006.11.23"]
[SourceQuality "1"]
[WhiteTeam "Graz Styria"]
[BlackTeam "Tschaturanga"]
[WhiteTeamCountry "AUT"]
[BlackTeamCountry "AUT"]

1. g3 e5 2. Bg2 d5 3. d3 Nc6 4. Nf3 f6 5. a3 Be6 6. b4 Qd7 7. h4 h5 8. Nbd2 Nh6
9. Bb2 Ng4 10. e3 Ne7 11. Nb3 b6 12. Qe2 Rc8 13. O-O Nf5 14. Rfd1 c6 15. e4 Nd6
16. Rac1 Qf7 17. Nfd2 d4 18. Rb1 g6 19. Nf1 Bh6 20. Bc1 Bxc1 21. Rdxc1 Nb5 22.
Ra1 Nc3 23. Qd2 Bxb3 24. cxb3 Qxb3 25. f3 Nh6 26. Bh3 Rc7 27. Nh2 Rg7 28. f4
Nf7 29. Nf3 Nxe4 30. Qe2 Nc3 31. Qe1 O-O 32. Nd2 Qd5 33. Bg2 Qe6 34. Nf3 Qf5
35. Qd2 c5 36. Re1 e4 37. dxe4 Nxe4 38. Qb2 Nxg3 39. bxc5 bxc5 40. Re7 Nh6 41.
Rae1 Rxe7 42. Rxe7 Rf7 43. Qb8+ Kg7 44. Re8 d3 45. Ng5 Ne2+ 46. Kf1 fxg5 0-1

[Event "AUT-chT 0506"]
[Site "Austria"]
[Date "2006.01.12"]
[Round "4"]
[White "Moser, Guenter"]
[Black "Moser, Eva"]
[Result "0-1"]
[WhiteElo "2359"]
[BlackElo "2361"]
[PlyCount "114"]
[EventDate "2005.11.18"]
[EventType "team-tourn"]
[EventRounds "11"]
[EventCountry "AUT"]
[SourceTitle "EXT 2007"]
[Source "ChessBase"]
[SourceDate "2006.11.23"]
[SourceVersion "1"]
[SourceVersionDate "2006.11.23"]
[SourceQuality "1"]
[WhiteTeam "Klagenfurt"]
[BlackTeam "Graz Styria"]
[WhiteTeamCountry "AUT"]
[BlackTeamCountry "AUT"]

1. f4 d5 2. Nf3 g6 3. g3 Bg7 4. Bg2 e6 5. O-O Ne7 6. c4 O-O 7. Qc2 b6 8. d3 c5
9. e4 Nbc6 10. a3 Bb7 11. Be3 Qc7 12. Nbd2 d4 13. Bf2 e5 14. fxe5 Nxe5 15. Nxe5
Bxe5 16. Nf3 Nc6 17. Qd2 a5 18. Rae1 Bc8 19. Qg5 a4 20. Re2 f6 21. Qc1 Bg4 22.
Be1 Qd7 23. Bd2 Rf7 24. Ref2 Bxf3 25. Rxf3 Qe7 26. Qd1 h5 27. R3f2 Kg7 28. Bh3
Bc7 29. Bf4 Ne5 30. Kh1 Qd6 31. Kg1 Qc6 32. Rd2 Rh8 33. Bxe5 Bxe5 34. Rf3 Rb7
35. Rdf2 Rbb8 36. Rd2 h4 37. g4 g5 38. Kh1 Rhc8 39. Rf5 b5 40. cxb5 Qxb5 41.
Bf1 Rc7 42. Rdf2 Qb3 43. Qc1 Qe6 44. Rxe5 Qxe5 45. Rf5 Qe6 46. e5 Rf8 47. Bg2
Kh6 48. Be4 Kg7 49. exf6+ Rxf6 50. Qxg5+ Rg6 51. Qxh4 Qe7 52. g5 c4 53. Qf2 Rd7
54. h4 cxd3 55. Bxd3 Qe3 56. Rf3 Qxf2 57. Rxf2 Re6 0-1

[Event "Boeblingen op 22nd"]
[Site "Boeblingen"]
[Date "2005.12.30"]
[Round "8"]
[White "Moser, Eva"]
[Black "Jurasin, Marin"]
[Result "0-1"]
[WhiteElo "2361"]
[BlackElo "2173"]
[PlyCount "84"]
[EventDate "2005.12.26"]
[EventType "swiss"]
[EventRounds "9"]
[EventCountry "GER"]
[SourceTitle "CBM 110 Extra"]
[Source "ChessBase"]
[SourceDate "2006.03.10"]
[SourceVersion "2"]
[SourceVersionDate "2006.03.10"]
[SourceQuality "1"]

1. e4 g6 2. d4 Bg7 3. Nc3 d6 4. Be3 Nd7 5. Qd2 e5 6. O-O-O Ne7 7. dxe5 Nxe5 8.
f4 N5c6 9. h3 O-O 10. Nf3 a6 11. g4 b5 12. g5 Qe8 13. Kb1 Bb7 14. Bd3 Nb4 15.
h4 Nxd3 16. cxd3 b4 17. Ne2 Qa4 18. Ng3 Rfe8 19. Rdf1 d5 20. e5 Nc6 21. d4 b3
22. a3 Na5 23. Qh2 Qc4 24. Rd1 Bc8 25. f5 gxf5 26. Bf4 Re6 27. Qd2 Qa4 28. Nh5
Rc6 29. Rc1 Rxc1+ 30. Rxc1 Nc4 31. Qe2 Qb5 32. Re1 Bf8 33. Nf6+ Kh8 34. Ng1 Be6
35. Qh5 h6 36. Qe2 Bxa3 37. gxh6 Be7 38. Qg2 Bxf6 39. exf6 Rg8 40. Qg7+ Rxg7
41. hxg7+ Kg8 42. Ne2 Nd6 0-1

[Event "Boeblingen op 22nd"]
[Site "Boeblingen"]
[Date "2005.12.29"]
[Round "7"]
[White "Schulte, Torsten"]
[Black "Moser, Eva"]
[Result "1/2-1/2"]
[WhiteElo "2149"]
[BlackElo "2361"]
[PlyCount "81"]
[EventDate "2005.12.26"]
[EventType "swiss"]
[EventRounds "9"]
[EventCountry "GER"]
[SourceTitle "CBM 110 Extra"]
[Source "ChessBase"]
[SourceDate "2006.03.10"]
[SourceVersion "2"]
[SourceVersionDate "2006.03.10"]
[SourceQuality "1"]

1. d4 f5 2. g3 Nf6 3. Bg2 e6 4. Nf3 Be7 5. O-O O-O 6. c4 d6 7. Nc3 Qe8 8. Re1
Qg6 9. e4 Nxe4 10. Nxe4 fxe4 11. Rxe4 Nc6 12. Re1 Bf6 13. Bf4 Qf5 14. Qd2 e5
15. dxe5 dxe5 16. Be3 Be6 17. Qe2 Rae8 18. Rad1 Bf7 19. Nd2 Nd4 20. Bxd4 exd4
21. Be4 Qh5 22. Qd3 c6 23. b4 Rd8 24. c5 a5 25. a3 axb4 26. axb4 Ra8 27. Ra1
Rxa1 28. Rxa1 Re8 29. Nc4 Bxc4 30. Qxc4+ Kf8 31. Bd3 Qf7 32. Ra7 Re7 33. Ra8+
Re8 34. Qxf7+ Kxf7 35. Rxe8 Kxe8 36. Bxh7 d3 37. Bxd3 Bc3 38. b5 Bd4 39. bxc6
bxc6 40. Be4 Kd7 41. Kf1 1/2-1/2

[Event "Boeblingen op 22nd"]
[Site "Boeblingen"]
[Date "2005.12.27"]
[Round "3"]
[White "Moser, Eva"]
[Black "Maas, Oliver"]
[Result "1-0"]
[WhiteElo "2361"]
[BlackElo "2138"]
[PlyCount "75"]
[EventDate "2005.12.26"]
[EventType "swiss"]
[EventRounds "9"]
[EventCountry "GER"]
[SourceTitle "CBM 110 Extra"]
[Source "ChessBase"]
[SourceDate "2006.03.10"]
[SourceVersion "2"]
[SourceVersionDate "2006.03.10"]
[SourceQuality "1"]

1. e4 c5 2. d3 Nc6 3. g3 g6 4. Bg2 Bg7 5. f4 d6 6. Nf3 Nf6 7. O-O O-O 8. h3 Rb8
9. g4 e6 10. Nc3 b5 11. Be3 b4 12. Ne2 Nd7 13. Rb1 Bb7 14. Qd2 f5 15. Ng3 fxg4
16. hxg4 Qe7 17. g5 d5 18. e5 Nb6 19. Qf2 d4 20. Bd2 Nd8 21. Rbe1 Na4 22. Bc1
Nb6 23. Nh2 Nf7 24. Bxb7 Qxb7 25. Qe2 Nd5 26. Ng4 Rbe8 27. Ne4 Qc7 28. Rf2 h5
29. Ngf6+ Bxf6 30. gxf6 Nh6 31. Rg2 Kh7 32. Ng5+ Kh8 33. Rf1 Ng4 34. Rxg4 hxg4
35. Qxg4 Rf7 36. Rf2 Kg8 37. Nxe6 Rxe6 38. Qxe6 1-0

[Event "Boeblingen op 22nd"]
[Site "Boeblingen"]
[Date "2005.12.27"]
[Round "2"]
[White "Lasslop, Uwe"]
[Black "Moser, Eva"]
[Result "0-1"]
[WhiteElo "2083"]
[BlackElo "2361"]
[PlyCount "52"]
[EventDate "2005.12.26"]
[EventType "swiss"]
[EventRounds "9"]
[EventCountry "GER"]
[SourceTitle "CBM 110 Extra"]
[Source "ChessBase"]
[SourceDate "2006.03.10"]
[SourceVersion "2"]
[SourceVersionDate "2006.03.10"]
[SourceQuality "1"]

1. d4 Nf6 2. c4 g6 3. Nc3 Bg7 4. e4 O-O 5. Nf3 c6 6. Be2 d5 7. e5 Ne4 8. Qb3
dxc4 9. Bxc4 Nxc3 10. bxc3 b5 11. Bd3 Be6 12. Qc2 Nd7 13. O-O Nb6 14. Ba3 Qd7
15. Ng5 Bd5 16. Rfe1 Qg4 17. Ne4 Rfe8 18. f3 Qc8 19. Nc5 f6 20. exf6 exf6 21.
Rxe8+ Qxe8 22. Kf2 Qf7 23. Bc1 Re8 24. a4 bxa4 25. c4 Nxc4 26. Qxa4 f5 0-1

[Event "Boeblingen op 22nd"]
[Site "Boeblingen"]
[Date "2005.12.26"]
[Round "1"]
[White "Moser, Eva"]
[Black "Haug, Siegmund"]
[Result "1-0"]
[WhiteElo "2361"]
[BlackElo "1875"]
[PlyCount "47"]
[EventDate "2005.12.26"]
[EventType "swiss"]
[EventRounds "9"]
[EventCountry "GER"]
[SourceTitle "CBM 110 Extra"]
[Source "ChessBase"]
[SourceDate "2006.03.10"]
[SourceVersion "2"]
[SourceVersionDate "2006.03.10"]
[SourceQuality "1"]

1. e4 c5 2. d3 Nc6 3. g3 g6 4. Bg2 Bg7 5. f4 d6 6. Nf3 f5 7. O-O Nf6 8. Nc3 O-O
9. Kh1 e6 10. Be3 Qe7 11. Qd2 Bd7 12. Rae1 fxe4 13. dxe4 Rad8 14. e5 dxe5 15.
fxe5 Ng4 16. Bg5 Qe8 17. Bxd8 Qxd8 18. Ne4 Ncxe5 19. Nxe5 Nxe5 20. Nxc5 Bb5 21.
Rxf8+ Qxf8 22. Nxe6 Qf6 23. Nxg7 Kxg7 24. Qd5 1-0

[Event "AUT-chT 0506"]
[Site "Austria"]
[Date "2005.11.20"]
[Round "3"]
[White "Moser, Eva"]
[Black "Stanec, Nikolaus"]
[Result "1-0"]
[WhiteElo "2361"]
[BlackElo "2568"]
[PlyCount "135"]
[EventDate "2005.11.18"]
[EventType "team-tourn"]
[EventRounds "11"]
[EventCountry "AUT"]
[SourceTitle "EXT 2006"]
[Source "ChessBase"]
[SourceDate "2005.11.24"]
[SourceVersion "1"]
[SourceVersionDate "2005.11.24"]
[SourceQuality "1"]
[WhiteTeam "Graz Styria"]
[BlackTeam "Ansfelden"]
[WhiteTeamCountry "AUT"]
[BlackTeamCountry "AUT"]

1. e4 e6 2. d4 d5 3. Nc3 Nf6 4. e5 Nfd7 5. f4 c5 6. Nf3 Nc6 7. Be3 cxd4 8. Nxd4
Bc5 9. Qd2 Nxd4 10. Bxd4 Bxd4 11. Qxd4 Qb6 12. Qd2 Nc5 13. O-O-O Bd7 14. h4
O-O-O 15. Qd4 Kb8 16. b4 Na6 17. Qxb6 axb6 18. a3 h5 19. Rh3 Nc7 20. Rg3 g6 21.
Kb2 Ne8 22. Bd3 Ng7 23. Ne2 Rc8 24. Nd4 Kc7 25. Kb3 Kd8 26. c4 dxc4+ 27. Bxc4
Ke7 28. Rgd3 Rhd8 29. b5 Rc7 30. Kb4 Rdc8 31. Bb3 Be8 32. a4 Rc5 33. g3 Rc1 34.
Nc6+ R1xc6 35. bxc6 bxc6 36. Rb1 Nf5 37. Bd1 Ra8 38. Kc3 b5 39. axb5 cxb5 40.
Kb4 Rc8 41. Bb3 Rc7 42. Ra1 Bd7 43. Ra2 Be8 44. Rc2 Ra7 45. Rcc3 Bd7 46. Bc2
Ke8 47. Ra3 Rb7 48. Ra8+ Ke7 49. Rc3 Be8 50. Rcc8 Bd7 51. Rc3 Be8 52. Bxf5 exf5
53. Rca3 Kf8 54. R3a7 Rb6 55. Ra6 Rb7 56. R8a7 Rb8 57. Ra8 Rb7 58. R6a7 Rb6 59.
Rc8 Re6 60. Raa8 Re7 61. Rab8 Re6 62. Rxb5 Re7 63. Rbb8 Re6 64. Kc5 Re7 65. Ra8
Re6 66. Rxe8+ Rxe8 67. Rxe8+ Kxe8 68. Kd6 1-0

[Event "AUT-chT 0506"]
[Site "Austria"]
[Date "2005.11.19"]
[Round "2"]
[White "Schwarz, Michael"]
[Black "Moser, Eva"]
[Result "0-1"]
[WhiteElo "2398"]
[BlackElo "2361"]
[PlyCount "56"]
[EventDate "2005.11.18"]
[EventType "team-tourn"]
[EventRounds "11"]
[EventCountry "AUT"]
[SourceTitle "EXT 2006"]
[Source "ChessBase"]
[SourceDate "2005.11.24"]
[SourceVersion "1"]
[SourceVersionDate "2005.11.24"]
[SourceQuality "1"]
[WhiteTeam "Jenbach"]
[BlackTeam "Graz Styria"]
[WhiteTeamCountry "AUT"]
[BlackTeamCountry "AUT"]

1. d3 e5 2. e4 d5 3. Nd2 Nf6 4. Ngf3 Nc6 5. c3 a5 6. Be2 Bc5 7. O-O O-O 8. Nxe5
Bxf2+ 9. Rxf2 Nxe5 10. exd5 Nfg4 11. Bxg4 Nxg4 12. Rf4 Qxd5 13. Rxg4 Bxg4 14.
Qxg4 Qxd3 15. Nf1 Ra6 16. Bf4 Qc2 17. Bxc7 Qxb2 18. Re1 Qxa2 19. Ng3 Qd2 20.
Rd1 Qxc3 21. Nf5 Re8 22. h4 Qc5+ 23. Kh1 Rg6 24. Qf4 h5 25. Bd6 Qc2 26. Rd2
Qb1+ 27. Kh2 Rg4 28. Qf2 Re1 0-1

[Event "AUT-chT 0506"]
[Site "Austria"]
[Date "2005.11.18"]
[Round "1"]
[White "Moser, Eva"]
[Black "Schmidlechner, Alexander"]
[Result "1/2-1/2"]
[WhiteElo "2361"]
[BlackElo "2245"]
[PlyCount "151"]
[EventDate "2005.11.18"]
[EventType "team-tourn"]
[EventRounds "11"]
[EventCountry "AUT"]
[SourceTitle "EXT 2006"]
[Source "ChessBase"]
[SourceDate "2005.11.24"]
[SourceVersion "1"]
[SourceVersionDate "2005.11.24"]
[SourceQuality "1"]
[WhiteTeam "Graz Styria"]
[BlackTeam "Goetzis"]
[WhiteTeamCountry "AUT"]
[BlackTeamCountry "AUT"]

1. e4 c5 2. Nc3 Nc6 3. Bb5 g6 4. Bxc6 dxc6 5. d3 Bg7 6. Be3 Qd6 7. Qd2 e5 8. f4
Nf6 9. fxe5 Qxe5 10. Nf3 Qe7 11. Bh6 O-O 12. Bxg7 Kxg7 13. O-O-O Bg4 14. Rhf1
Nd7 15. Qf4 Bxf3 16. Rxf3 Ne5 17. Rh3 f6 18. Ne2 Rad8 19. Qh6+ Kg8 20. Nf4 Rd6
21. Rg3 Qg7 22. Qh4 Rfd8 23. Ne2 Nf7 24. Rh3 Ng5 25. Re3 Ne6 26. Rf1 Nf8 27.
Ng3 Kh8 28. Ref3 Nd7 29. Ne2 Rf8 30. Qf4 Qe7 31. Rh3 Ne5 32. Kb1 Kg8 33. g4 Re8
34. Rg3 Nd7 35. Re3 Qe5 36. Qf2 Qe6 37. Nf4 Qe7 38. Ne2 Ne5 39. Rg3 Nd7 40. h4
c4 41. Qxa7 cxd3 42. cxd3 Ne5 43. Qa3 Qd7 44. Nc1 Rd8 45. Qb3+ Kg7 46. g5 Nxd3
47. gxf6+ Kf8 48. Nxd3 Rxd3 49. Qb4+ Kf7 50. Qc4+ Kf8 51. Qb4+ Kf7 52. Rgg1 Rd4
53. Qb3+ Qe6 54. Qxb7+ R8d7 55. Qb8 Qxe4+ 56. Ka1 Qc2 57. a3 Rd1+ 58. Rxd1
Rxd1+ 59. Rxd1 Qxd1+ 60. Ka2 Qd5+ 61. Qb3 Kxf6 62. Qxd5 cxd5 63. a4 Ke6 64. a5
Kd6 65. Kb3 h6 66. Kc3 g5 67. hxg5 hxg5 68. Kd4 g4 69. Ke3 Kc5 70. Kf4 Kb5 71.
b4 d4 72. Kxg4 d3 73. Kf3 Kxb4 74. a6 Kc3 75. a7 d2 76. a8=Q 1/2-1/2

[Event "Arco op 27th"]
[Site "Arco"]
[Date "2005.10.30"]
[Round "9"]
[White "Mukic, Josko"]
[Black "Moser, Eva"]
[Result "0-1"]
[WhiteElo "2328"]
[BlackElo "2361"]
[PlyCount "62"]
[EventDate "2005.10.22"]
[EventType "swiss"]
[EventRounds "9"]
[EventCountry "ITA"]
[SourceTitle "EXT 2006"]
[Source "ChessBase"]
[SourceDate "2005.11.24"]
[SourceVersion "1"]
[SourceVersionDate "2005.11.24"]
[SourceQuality "1"]

1. f4 d5 2. b3 Bg4 3. h3 Bh5 4. g4 e6 5. Nf3 Bg6 6. Bb2 h5 7. g5 h4 8. Bg2 Nc6
9. a3 Nge7 10. c4 Nf5 11. O-O Qd7 12. e3 Ng3 13. Re1 dxc4 14. bxc4 Bd3 15. Ne5
Nxe5 16. Bxe5 O-O-O 17. Nc3 Bxc4 18. Rb1 Ba6 19. Qb3 b6 20. d4 Bb7 21. e4 Bd6
22. Bxg7 Rhg8 23. Bf6 Bxf4 24. d5 Rde8 25. Qc4 Bxg5 26. Bxg5 Rxg5 27. Nb5 Kb8
28. Rbc1 exd5 29. Qxc7+ Qxc7 30. Nxc7 Rc8 31. Nxd5 Rxc1 0-1

[Event "Arco op 27th"]
[Site "Arco"]
[Date "2005.10.29"]
[Round "8"]
[White "Moser, Eva"]
[Black "Stubberud, Ornulf A"]
[Result "1-0"]
[WhiteElo "2361"]
[BlackElo "2095"]
[PlyCount "79"]
[EventDate "2005.10.22"]
[EventType "swiss"]
[EventRounds "9"]
[EventCountry "ITA"]
[SourceTitle "EXT 2006"]
[Source "ChessBase"]
[SourceDate "2005.11.24"]
[SourceVersion "1"]
[SourceVersionDate "2005.11.24"]
[SourceQuality "1"]

1. e4 c5 2. g3 Nc6 3. Bg2 g6 4. d3 Bg7 5. f4 d6 6. Nf3 e6 7. O-O Nge7 8. c3 O-O
9. Be3 b6 10. Na3 d5 11. e5 Ba6 12. Bf2 Qd7 13. Re1 Rfd8 14. Nc2 Rac8 15. Rb1
Nb8 16. Qd2 Qb5 17. Bf1 Qc6 18. Bg2 Qc7 19. g4 Re8 20. Bh4 Nec6 21. Rec1 Nd7
22. g5 Ne7 23. Ne3 Nf5 24. Ng4 Red8 25. Nf6+ Bxf6 26. gxf6 Bb7 27. d4 Ba6 28.
Bh3 Nf8 29. Qg2 Kh8 30. Bxf5 exf5 31. Qg5 Ne6 32. Qh6 Rg8 33. Rd1 cxd4 34. Nxd4
Qc5 35. Bg5 Qf8 36. Qh4 h5 37. Nxf5 Rc4 38. Ne7 Bb7 39. Rd3 d4 40. h3 1-0

[Event "Arco op 27th"]
[Site "Arco"]
[Date "2005.10.28"]
[Round "7"]
[White "Wohl, Aleksandar H"]
[Black "Moser, Eva"]
[Result "1-0"]
[WhiteElo "2439"]
[BlackElo "2361"]
[PlyCount "81"]
[EventDate "2005.10.22"]
[EventType "swiss"]
[EventRounds "9"]
[EventCountry "ITA"]
[SourceTitle "EXT 2006"]
[Source "ChessBase"]
[SourceDate "2005.11.24"]
[SourceVersion "1"]
[SourceVersionDate "2005.11.24"]
[SourceQuality "1"]

1. e4 c5 2. Nf3 Nc6 3. Bb5 g6 4. Bxc6 bxc6 5. O-O Bg7 6. c3 Nh6 7. d4 cxd4 8.
cxd4 O-O 9. Nc3 f6 10. Re1 d6 11. b3 Nf7 12. Bb2 Qa5 13. d5 c5 14. Nd2 Ba6 15.
Na4 Qc7 16. Rc1 Bh6 17. Bc3 Qd7 18. Nb2 e5 19. dxe6 Qxe6 20. Rc2 Rad8 21. Ndc4
f5 22. exf5 Qxf5 23. Ne3 Bxe3 24. Rxe3 d5 25. Rf3 Qd7 26. Na4 Rc8 27. Bb2 Qe7
28. Re3 Qd6 29. Nxc5 d4 30. Re6 Qd5 31. Rxa6 Rxc5 32. Rxc5 Qxc5 33. Qxd4 Qxd4
34. Bxd4 Rd8 35. Ra4 a6 36. h4 Rd6 37. Rc4 Nd8 38. b4 h5 39. a4 Nc6 40. Be3 Rd5
41. Rxc6 1-0